| 000 | 00803 a2200205 4500 | ||
|---|---|---|---|
| 999 |
_c9097 _d9097 |
||
| 020 | _a9780131273887 | ||
| 050 | 0 | 0 | _aQA76.9 HOF 2005 |
| 100 | 1 | _aHoffer, Jeffrey A. | |
| 245 | 1 | 0 |
_aModern database management / _cJeffrey A. Hoffer, Mary B. Prescott, Fred R. McFadden. |
| 250 | _a7th ed. | ||
| 264 |
_aUpper Saddle River, N.J. : _bPearson/ Prentice Hall, _c2005. |
||
| 300 |
_axxxv, 700 p. : _bill. ; |
||
| 500 | _aincludes index | ||
| 504 | _aIncludes bibliographical references. | ||
| 650 | 0 | _aDatabase management. | |
| 700 | 1 | _aPrescott, Mary B. | |
| 700 | 1 |
_aMcFadden, Fred R., _d1933- |
|
| 942 |
_2lcc _cBK _e7th. _h76.9 _iHOF _kQA |
||